Managing building defects: (Record no. 121503)

MARC details
000 -LEADER
fixed length control field 01064nam a22002417a 4500
008 - FIXED-LENGTH DATA ELEMENTS--GENERAL INFORMATION
fixed length control field 240518t2023 at |||||o|||| 00| 0 eng d
041 ## - LANGUAGE CODE
Language code of text/sound track or separate title eng
110 ## - MAIN ENTRY--CORPORATE NAME
Corporate author Engineers Australia
245 ## - TITLE STATEMENT
Title Managing building defects:
Subtitle roles, responsibilities and collaboration among owners, strata managers and engineers
Medium [Electronic resource]
260 ## - PUBLICATION INFORMATION
Publisher Engineers Australia,
Date May 2023
300 ## - PHYSICAL DESCRIPTION
Physical description 20p.
520 ## - ABSTRACT
Abstract This document is intended to provide high-level guidance on the obligations, responsibilities, and areas of expertise of owners, strata managers and engineers over the lifecycle of a building.
650 ## - KEYWORDS
Keywords BUILDING DEFECTS
650 ## - KEYWORDS
Keywords CLADDING
650 ## - KEYWORDS
Keywords ENGINEERING
650 ## - KEYWORDS
Keywords FIRE SAFETY
650 ## - KEYWORDS
Keywords HIGH RISE BUILDINGS
651 ## - SUBJECT ADDED ENTRY--GEOGRAPHIC NAME
Geographic name Australia
690 ## - BROAD SUBJECT
9 (RLIN) 6223
Broad subject Building materials & defects
710 ## - ADDED CORPORATE NAME
Added corporate author Engineers Australia
856 ## - ONLINE RESOURCE
Uniform Resource Identifier <a href="https://www.engineersaustralia.org.au/publications/managing-building-defects-roles-responsibilities-and-collaboration-among-owners-strata">https://www.engineersaustralia.org.au/publications/managing-building-defects-roles-responsibilities-and-collaboration-among-owners-strata</a>
Public note Available online
942 ## - ADDED ENTRY ELEMENTS (KOHA)
Suppress in OPAC Do not suppress in OPAC
Holdings
Lost status Damaged status Not for loan Home library Current library Shelving location Date acquired Total Checkouts Full call number Date last seen Price effective from Koha item type
      Virtual Virtual Online 18/05/2023   ONLINE PUBLICATION 18/05/2023 18/05/2023 Online material